000 00923nam a2200241 i 4500
001 56806
003 ES-MaACL
005 20260127062529.0
007 t|
008 031013q1942 sp ||||1| spa d
040 _cES-MaACL
080 _a347.97/.99
100 1 _aDiego y Gutiérrez, Felipe Clemente de,
_9234641
_d1866-1945
_eaut
245 1 0 _aDerecho judicial :
_bdiscurso inaugural del curso académico pronunciado el día 11 de febrero de 1942 en la Real Academia de Jurisprudencia y Legislación /
_cFelipe Clemente de Diego.
260 _aMadrid :
_bReal Academia de Jurisprudencia y Legislación,
_c[1942?]
300 _a84 p. ;
_c19 cm.
650 4 _99620
_aAdministración de justicia
700 _aReal Academia de Jurisprudencia y Legislación de España
_9217612
852 _aES-MaACL
_j1630-F-18
942 _cMONOGRAFIA
_n0
999 _c56806
_d56806